MARC

LEADER 00000nam0a2200000 4500
001 212687
005 20231101225755.0
035 |a (RuTPU)RU\TPU\book\232359 
090 |a 212687 
100 |a 20120329d2011 k y0engy50 ba 
101 0 |a eng 
102 |a US 
105 |a a z 000zy 
200 1 |a Material Science Research Journal. 2010  |h Vol. 4, Iss. 4 
210 |a New York  |c Nova Science Publishers, Inc.  |d 2011 
215 |a 446 с.  |c il. 
606 1 |a Тепловая микроскопия  |2 stltpush  |3 (RuTPU)RU\TPU\subj\59526  |9 77036 
610 1 |a материалы 
610 1 |a материаловедение 
610 1 |a температуропроводность 
610 1 |a дистанционное зондирование 
610 1 |a излучения 
610 1 |a перенос 
610 1 |a перенос излучения 
610 1 |a английский язык 
675 |a 620.18  |v 3 
801 1 |a RU  |b 63413507  |c 20120329 
801 2 |a RU  |b 63413507  |c 20131108  |g RCR 
942 |c BK